| 000 | 00448nam a22001817a 4500 | ||
|---|---|---|---|
| 999 |
_c11162 _d11162 |
||
| 003 | OSt | ||
| 008 | 220418b ||||| |||| 00| 0 eng d | ||
| 020 | _a9789327294583 | ||
| 082 | _a336 LEP | ||
| 100 | _aLEKHI, R.K. | ||
| 245 | _aPublic Finance | ||
| 250 | _a15th Revised Edition | ||
| 260 |
_aNew Delhi _bKalyani Publishers _c2022 |
||
| 300 | _a993 | ||
| 650 | _aPublic Finance (Economics) | ||
| 700 | _aSINGH, Joginder | ||
| 942 |
_2ddc _cBK _06 |
||